Alfred Stone & The Vacation Hunt/ (Record no. 203430)

MARC details
000 -LEADER
fixed length control field 00562 a2200193 4500
005 - DATE AND TIME OF LATEST TRANSACTION
control field 20240530162337.0
010 ## - LCCN (DPL NO)
LC control number B-759284
020 ## - INTERNATIONAL STANDARD BOOK NUMBER
International Standard Book Number 9788193833117
Terms of availability 249.00
035 ## - SYSTEM CONTROL NUMBER
System control number B-759284
037 ## - SOURCE OF ACQUISITION
Source of stock number/acquisition Gift
082 ## - DEWEY DECIMAL CLASSIFICATION NUMBER
Classification number N
100 ## - MAIN ENTRY--PERSONAL NAME
Personal name Nischal Samrat C
245 ## - TITLE STATEMENT
Title Alfred Stone & The Vacation Hunt/
Statement of responsibility, etc Nischal Samrat C
260 ## - PUBLICATION, DISTRIBUTION, ETC. (IMPRINT)
Place of publication, distribution, etc Banglor
Name of publisher, distributor, etc Dawn Rose Publication
Date of publication, distribution, etc 2019
270 ## - ADDRESS
Address No. 604, Bldg- 12, Shantipark Apartment
City Banglor
Postal code 560069
300 ## - PHYSICAL DESCRIPTION
Extent 161 p.
Dimensions 21 cm(Pb)
942 ## - ADDED ENTRY ELEMENTS (KOHA)
Institution code [OBSOLETE] dpl
Item type Children Books
Source of classification or shelving scheme Dewey Decimal Classification
Classification part N
Call number suffix NIS
Holdings
Withdrawn status Lost status Not for loan Collection code Home library Current library Date acquired Source of acquisition Cost, normal purchase price Full call number Barcode Copy number Cost, replacement price Koha item type Public note
      Fiction Ashok Vihar Ashok Vihar 30/05/2024 Gift/28.5.24 249.00 N NIS B-759284 1 249.00 Children Books Gift

© Delhi Public Library
Hit Counter
free hit counter